000 00339nam a2200133Ia 4500
008 240624s9999 xx 000 0 und d
041 _aeng
082 _a158.1 CAR
100 _aCARNEGIE DALE
245 _aDEVELOP SELF CONFIDENCE IMPROVE PUBLIC S
260 _c2016
_aNew Delhi
_bRupa
300 _avii, 264 p.; 16 cm.
365 _cRS
_b30
999 _c29182
_d29182